[Event "Curitiba IEP&Copel op"]
[Site "Curitiba"]
[Date "2017.05.14"]
[Round "6"]
[White "Ferreira, Julia Cristine"]
[Black "Carvalho, Isis"]
[Result "1/2-1/2"]
[WhiteElo "1343"]
[BlackElo "1778"]
[PlyCount "50"]
[EventDate "2017.05.12"]
[EventType "swiss"]
[EventRounds "6"]
[EventCountry "BRA"]
[SourceTitle "CBM 178 Extra"]
[Source "ChessBase"]
[SourceDate "2017.06.22"]
[SourceVersion "1"]
[SourceVersionDate "2017.06.22"]
[SourceQuality "1"]

1. d4 Nf6 2. c4 g6 3. Nf3 Bg7 4. g3 0-0 5. Bg2 d6 6. 0-0 Nbd7 7. Nc3 e5 8. dxe5 dxe5 9. e4 Nc5 10. Nxe5 Re8 11. Qxd8 Rxd8 12. Be3 Ncxe4 13. Nxe4 Nxe4 14. Bxe4 Bxe5 15. Rfd1 Be6 16. Rxd8+ Rxd8 17. Bxb7 Bxc4 18. Bxa7 Bxb2 19. Re1 Bg7 20. Re7 Bxa2 21. Rxc7 h5 22. Rc8 Rxc8 23. Bxc8 Kh7 24. Bb7 Bb1 25. Kg2 g5 1/2-1/2

[Event "Curitiba Sul Regional-ch"]
[Site "Curitiba"]
[Date "2015.07.11"]
[Round "3"]
[White "Feller, Gabriela Luisa Vice"]
[Black "Ferreira, Julia Cristine"]
[Result "1-0"]
[WhiteElo "1414"]
[BlackElo "1800"]
[PlyCount "103"]
[EventDate "2015.07.10"]
[EventType "swiss"]
[EventRounds "6"]
[EventCountry "BRA"]
[SourceTitle "EXT 2017"]
[Source "ChessBase"]
[SourceDate "2016.10.25"]
[SourceVersion "1"]
[SourceVersionDate "2016.10.25"]
[SourceQuality "1"]

1. d4 d5 2. c4 c6 3. Nf3 Nf6 4. e3 g6 5. Nc3 Bg7 6. Be2 0-0 7. Qb3 Be6 8. Qxb7 Nbd7 9. Qxc6 Rc8 10. Qa4 Nb6 11. Qxa7 Nxc4 12. Bxc4 dxc4 13. Bd2 Bg4 14. Ne5 Bf5 15. Ke2 Rb8 16. Nc6 Ra8 17. Qxe7 Qb6 18. Qd6 Qxb2 19. Ne7+ Kh8 20. Nxf5 gxf5 21. Rab1 Qc2 22. Rhc1 Qd3+ 23. Ke1 Ng4 24. Qg3 Rfe8 25. h3 Nf6 26. Qf3 Kg8 27. Qe2 Qxe2+ 28. Kxe2 f4 29. Nb5 fxe3 30. fxe3 Rac8 31. a4 Nd5 32. a5 Ra8 33. Rxc4 Reb8 34. Rc5 Nf6 35. Rc6 Ne4 36. a6 Nd6 37. Rxd6 Rc8 38. a7 Bf8 39. Rd7 Bg7 40. Rb7 Bf6 41. Nc7 Rxc7 42. Rxc7 Bd8 43. Rb8 Rxa7 44. Rxd8+ Kg7 45. Rxa7 h5 46. Rdd7 Kg6 47. Rxf7 Kg5 48. e4+ Kh4 49. Rf4+ Kg3 50. Rg7+ Kh2 51. Rf1 h4 52. Bf4# 1-0